Zelená energia je aj jadrová energia
Saved in:
| Main Author: | |
|---|---|
| Other Authors: | |
| Format: | Book Chapter |
| Language: | Slovak |
| Subjects: | |
| Tags: |
No Tags, Be the first to tag this record!
|
MARC
| LEADER | 00000naa$a2200000$$$4500 | ||
|---|---|---|---|
| 001 | 0281149 | ||
| 005 | 20240502074353.1 | ||
| 041 | 0 | |a slo | |
| 044 | |a SK | ||
| 245 | 1 | 0 | |a Zelená energia je aj jadrová energia |c Pavol Andrejovský, Jozef Gajdoš |
| 610 | 2 | 0 | |a Európska komisia |
| 610 | 2 | 0 | |a energia atómová |
| 610 | 2 | 0 | |a investície |
| 610 | 2 | 0 | |a energetika |
| 100 | 1 | |a Andrejovský, Pavol, 1975- | |
| 700 | 1 | |a Gajdoš, Jozef, 1962-2025 | |